Hodnotenie oslnenia a jeho zábrana : Obhj. 16.12.2004, čís.ved.odb. 26-34-9

Enregistré dans:
Détails bibliographiques
Auteur principal: Krasňan, František, 1973- (Auteur)
Autres auteurs: Smola, Alfonz, 1951- (Directeur de thèse)
Format: Manuscrit Livre
Langue:slovaque
Publié: Bratislava : STU v Bratislave FEI, 2004
Sujets:
Tags: Ajouter un tag
Pas de tags, Soyez le premier à ajouter un tag!

MARC

LEADER 00000ntm a22000003a 4500
001 stu92504
005 20220321181244.5
008 050119s2004------------------------slo-d
040 |a STU  |b slo 
041 0 |a slo 
080 |a 628.9 
080 |a 621.32 
100 1 |a Krasňan, František,  |d 1973-  |4 aut  |u E130  |U FEI Fakulta elektrotechniky a informatiky  |T FEI Katedra elektroenergetiky  |X 1882  |U E130  |Y 59  |7 A000001882 
245 1 |a Hodnotenie oslnenia a jeho zábrana :  |b Obhj. 16.12.2004, čís.ved.odb. 26-34-9 
260 |a Bratislava :  |b STU v Bratislave FEI,  |c 2004 
300 |a 173 s 
650 7 |a Elektroenergetika  |2 stusub 
650 7 |a Osvetľovanie  |2 stusub 
650 7 |a technika osvetľovania  |2 stusub 
700 1 |a Smola, Alfonz,  |d 1951-  |4 ths  |u E020  |U FEI Fakulta elektrotechniky a informatiky  |T FEI Ústav elektroenergetiky a aplikovanej elektrotechniky  |X 1989  |U E020  |Y 548  |7 A000001989 
996 |b 284ED01062  |c E*PGŠ-879  |l EE01  |s A  |a 24  |w stu92504_0001